Economics of transport : (Record no. 50210)
[ view plain ]
| 000 -LEADER | |
|---|---|
| fixed length control field | 00922mam a2200289 a 4500 |
| 001 - CONTROL NUMBER | |
| control field | 50210 |
| 003 - CONTROL NUMBER IDENTIFIER | |
| rucl marc code | BD-RjUL |
| 005 - DATE AND TIME OF LATEST TRANSACTION | |
| control field | 20211209075456.0 |
| 008 - FIXED-LENGTH DATA ELEMENTS--GENERAL INFORMATION | |
| fixed length control field | 160824s1971 sw bd bs 001 0 eng d |
| 035 ## - SYSTEM CONTROL NUMBER | |
| System control number | (OCoLC)ocm46851747 |
| System control number | (BD-RjUL)50330 |
| System control number | (NNC)2971171 |
| 040 ## - CATALOGING SOURCE | |
| Original cataloging agency | VOD |
| Transcribing agency | VOD |
| Modifying agency | NNC |
| Language of cataloging | eng |
| 041 ## - LANGUAGE CODE | |
| Language code of text/sound track or separate title | eng |
| 082 ## - DEWEY DECIMAL CLASSIFICATION NUMBER | |
| Edition number | 23 |
| Classification number | 385 |
| Author mark and year | SRE 1971 |
| 090 ## - LOCALLY ASSIGNED LC-TYPE CALL NUMBER (OCLC); LOCAL CALL NUMBER (OCLC) | |
| Classification number (OCLC) (R) ; Classification number, CALL (RLIN) (NR) | HC380.T7 |
| Local cutter number (OCLC) ; Book number/undivided call number, CALL (RLIN) | T46 2000 |
| 100 1# - MAIN ENTRY--PERSONAL NAME | |
| Personal name | Srivastava, S.K. |
| Dates associated with a name | 1913- |
| 9 (RLIN) | 150506 |
| 245 10 - TITLE STATEMENT | |
| Title | Economics of transport : |
| Remainder of title | with special reference to transport development in india / |
| Statement of responsibility, etc. | S.K. Srivastava |
| 250 ## - EDITION STATEMENT | |
| Edition statement | 5th edi. |
| 260 ## - PUBLICATION, DISTRIBUTION, ETC. (IMPRINT) | |
| Place of publication, distribution, etc. | New delhi: |
| Name of publisher, distributor, etc. | S.Chand, |
| Date of publication, distribution, etc. | 1971 |
| 300 ## - PHYSICAL DESCRIPTION | |
| Pagination | 548 p. : |
| Illustrations | ill.; |
| Size | 23 cm. |
| 490 1# - SERIES STATEMENT | |
| Series statement | Lund studies in economic history ; |
| Volume/sequential designation | 12 |
| 504 ## - BIBLIOGRAPHY, ETC. NOTE | |
| Bibliography, etc | Includes bibliographical references and indexes. |
| 650 #0 - SUBJECT ADDED ENTRY--TOPICAL TERM | |
| Topical term or geographic name as entry element | Transportation |
| 9 (RLIN) | 150507 |
| 830 #0 - SERIES ADDED ENTRY--UNIFORM TITLE | |
| Uniform title | Lund studies in economic history ; |
| Volume number/sequential designation | 12. |
| 942 ## - ADDED ENTRY ELEMENTS (KOHA) | |
| Source of classification or shelving scheme | Dewey Decimal Classification |
| Koha item type | Books |
| Lost status | Source of classification or shelving scheme | Damaged status | Not for loan | Collection code | Permanent Location | Current Location | Shelving location | Date acquired | Source of acquisition | Cost, normal purchase price | Total Checkouts | Full call number | Date last seen | Copy number | Koha item type |
|---|---|---|---|---|---|---|---|---|---|---|---|---|---|---|---|
| Dewey Decimal Classification | Non-fiction | Central Library, University of Rajshahi | Central Library, University of Rajshahi | 23/02/1974 | Aligash library, Rajshahi | 25.25 | 385 SRE 1971 | 24/08/2016 | C-2 | Books | |||||
| Dewey Decimal Classification | Non-fiction | Central Library, University of Rajshahi | Central Library, University of Rajshahi | 23/02/1974 | Aligash library, Rajshahi | 25.25 | 385 SRE 1971 | 24/08/2016 | C-3 | Books | |||||
| Dewey Decimal Classification | Non-fiction | Central Library, University of Rajshahi | Central Library, University of Rajshahi | 23/02/1974 | Aligash library, Rajshahi | 25.25 | 385 SRE 1971 | 24/08/2016 | C-4 | Books | |||||
| Dewey Decimal Classification | Non-fiction | Central Library, University of Rajshahi | Central Library, University of Rajshahi | 23/02/1974 | Aligash library, Rajshahi | 25.25 | 385 SRE 1971 | 24/08/2016 | C-5 | Books | |||||
| Dewey Decimal Classification | Non-fiction | Central Library, University of Rajshahi | Central Library, University of Rajshahi | 23/02/1974 | Aligash library, Rajshahi | 25.25 | 385 SRE 1971 | 24/08/2016 | C-6 | Books | |||||
| Dewey Decimal Classification | Non-fiction | Central Library, University of Rajshahi | Central Library, University of Rajshahi | 23/02/1974 | Aligash library, Rajshahi | 25.25 | 385 SRE 1971 | 24/08/2016 | C-7 | Books | |||||
| Dewey Decimal Classification | Non-fiction | Central Library, University of Rajshahi | Central Library, University of Rajshahi | 23/02/1974 | Aligash library, Rajshahi | 25.25 | 385 SRE 1971 | 24/08/2016 | C-8 | Books | |||||
| Dewey Decimal Classification | Non-fiction | Central Library, University of Rajshahi | Central Library, University of Rajshahi | 23/02/1974 | Aligash library, Rajshahi | 25.25 | 385 SRE 1971 | 24/08/2016 | C-9 | Books |